| 000 | 00830nam a22002177a 4500 | ||
|---|---|---|---|
| 999 |
_c176266 _d176266 |
||
| 005 | 20201208152516.0 | ||
| 010 | _aENG-128637 | ||
| 020 |
_a978-93-84361-36-5 _c135.00 |
||
| 035 | _aEN-112169 | ||
| 037 | _bDBAD/PUB | ||
| 082 | _a485 | ||
| 245 |
_aSkill Pro: a course in communication skills and soft skills/ _cKolakaluri Sumakiran, et. al. |
||
| 260 |
_aAndhra Pradesh _bEMESCO Books, Maruthi Publications _c2019 |
||
| 270 |
_bAndhra Pradesh _e522001 _a9-4-95, Maruthi Manikanta Nilayam, 3rd Lane, Railpet, Gunter _mcontact@maruthipublications.com _k2224032 _l91 863 2220566 |
||
| 300 |
_a156+xxvip. _c24cm(pbk) _bIncluding tables and illustrations. _eCD |
||
| 700 | _aSumakiran, Kolakaluri | ||
| 700 | _aKumar, M. Suresh | ||
| 700 | _aBabu, K. Vijaya | ||
| 700 | _aPadmaja, K | ||
| 942 |
_2ddc _cEN _h485 _mSKI |
||